Enfermedades de las hortalizas / (Record no. 142068)

MARC details
000 -LEADER
campo de control de longitud fija 00661nam a2200217 i 4500
001 - NÚMERO DE CONTROL
campo de control 142068
003 - IDENTIFICADOR DE NÚMERO DE CONTROL
campo de control ES-MaACL
005 - FECHA Y HORA DE LA ÚLTIMA TRANSACCIÓN
campo de control 20230906200434.0
007 - CAMPO FIJO DE DESCRIPCIÓN FÍSICA--INFORMACIÓN GENERAL
campo de control de longitud fija t|
008 - DATOS DE LONGITUD FIJA--INFORMACIÓN GENERAL
campo de control de longitud fija 071002s1959 sp ||||1| spa d
100 1# - ENTRADA PRINCIPAL--NOMBRE DE PERSONA
Nombre de persona Walker, John Charles.
9 (RLIN) 115932
245 10 - MENCIÓN DEL TÍTULO
Título Enfermedades de las hortalizas /
Mención de responsabilidad, etc. John Charles ; versión española Antonio Arnal Verdero.
250 ## - MENCION DE EDICION
Mención de edición [1ª ed.].
260 ## - PUBLICACIÓN, DISTRIBUCIÓN, ETC.
Lugar de publicación, distribución, etc. Barcelona :
Nombre del editor, distribuidor, etc. Salvat,
Fecha de publicación, distribución, etc. [1959]
300 ## - DESCRIPCIÓN FÍSICA
Extensión 624 p. :
Otras características físicas il. ;
Dimensiones 22 cm.
490 1# - MENCIÓN DE SERIE
Mención de serie Agrícola Salvat
700 1# - ENTRADA AGREGADA--NOMBRE PERSONAL
Nombre de persona Arnal Verderol, Antonio.
9 (RLIN) 23034
830 0# - PUNTO DE ACCESO ADICIONAL DE SERIE-TÍTULO UNIFORME
Título uniforme Agrícola Salvat
9 (RLIN) 181573
852 ## - LOCALIZACIÓN
Ubicación ES-MaACL
Número de control de estantería C-17460
Sublocalización o colección R.44859
Holdings
Estatus retirado Estado de pérdida Estado de daño No para préstamo Biblioteca de origen Biblioteca actual Ubicación en estantería Fecha de adquisición Fuente de adquisición Total de préstamos Signatura topográfica completa Código de barras Visto por última vez Precio de reemplazo Tipo de ítem Koha
        Biblioteca del Ateneo de Madrid Biblioteca del Ateneo de Madrid Galería 17/01/2008     C-17460 1147822 23/02/2023 23/02/2023 Libro impreso